| 000 | 00996cab a2200301 4500 | ||
|---|---|---|---|
| 001 | WB3107-43 | ||
| 008 | 090401t1995 xxu||||| |||| 00| 0 eng d | ||
| 035 | _a(Sirsi) u3453 | ||
| 041 | _aeng | ||
| 245 | _aArab Bank launches negligence claim | ||
| 260 | _c1995 | ||
| 350 | _a0 | ||
| 490 |
_aProperty Week _v50(7) 16 February 1995, 7(1) |
||
| 520 | _aThe Arab Bank is suing Weatherall Green & Smith for a negligent valuation, reviewing a previous valuation by John D Wood. The Bank claims that RICS Valuation Guidance Note 21 (2nd edition) was not followed. | ||
| 650 | _aARAB BANK | ||
| 650 | _aMANAGEMENT-HEALTH AND SAFETY-HAZARDOUS SUBSTANCES-ASBESTOS | ||
| 650 | _aGN 21 | ||
| 650 | _aJOHN D WOOD COMMERCIAL | ||
| 650 | _aLINGFIELD ESTATE | ||
| 650 | _aNEGLIGENCE | ||
| 650 | _aRICS APPRAISAL AND VALUATION MANUAL | ||
| 650 | _aVALUERS | ||
| 650 | _aVGN 21 | ||
| 650 | _aWEATHERALL GREEN & SMITH | ||
| 690 | _aRATING AND VALUATION | ||
| 942 | _n0 | ||
| 948 | _c04/03/1997 | ||
| 999 |
_c2122 _d2122 |
||